Štruktúra pracovnej sily Nemecka a jej vplyv na ekonomiku bakalárska práca

Saved in:
Bibliographic Details
Main Author: Murínová, Eva
Corporate Author: Fakulta medzinárodných vzťahov EU. Katedra medzinárodných ekonomických vzťahov a hospodárskej diplomacie
Other Authors: Čiefová, Michaela, 1991-
Format: Book
Language:Slovak
Published: Bratislava 2018
Tags: Add Tag
No Tags, Be the first to tag this record!

MARC

LEADER 00000nbm a2200000 4500
001 0244536
005 20180924093516.2
041 0 |a slo 
044 |a SK 
245 1 0 |a Štruktúra pracovnej sily Nemecka a jej vplyv na ekonomiku  |b bakalárska práca  |c Eva Murínová ; školiteľ: Michaela Čiefová 
264 1 |a Bratislava  |c 2018 
300 |a 63 s. 
100 1 |a Murínová, Eva 
700 1 |a Čiefová, Michaela, 1991- 
710 2 |a Fakulta medzinárodných vzťahov EU. Katedra medzinárodných ekonomických vzťahov a hospodárskej diplomacie